Books of the Tanach (Jewish Bible) - Statistics

General Stats
  • This quiz has been taken 417 times
  • The average score is 17 of 24
Answer Stats
Hint Answer % Correct
Torah Bereishis
98%
Torah Shmos
96%
Torah Vayikra
94%
Torah Bamidbar
93%
Torah Devarim
93%
Neviim Melachim I/II
79%
Neviim Yehoshua
77%
Neviim Shoftim
76%
Ksuvim Esther
75%
Ksuvim Rus
74%
Neviim Shmuel I/II
73%
Ksuvim Tehillim
71%
Neviim Yermiah
67%
Ksuvim Daniel
63%
Ksuvim Iyov
63%
Neviim Yechezkel
63%
Neviim Yeshiah
63%
Ksuvim Mishlei
61%
Ksuvim Divrei Hayamim I/II
59%
Ksuvim Eicha
58%
Ksuvim Ezra/Nechemia
58%
Ksuvim Shir HaShirim
57%
Ksuvim Koheles
55%
Neviim Trei Asar
35%
No matching quizzes found
Score Distribution
Percent of People with Each Score
Percentile by Number Answered
Your Score History
You have not taken this quiz